| 000 | 03715nam a2200457 a 4500 | ||
|---|---|---|---|
| 001 | dia_6011 | ||
| 003 | CHAP | ||
| 005 | 20240821131414.0 | ||
| 007 | ta | ||
| 008 | 220117s2015 mx ado frm 001 0 spa d | ||
| 010 | _a177178 | ||
| 040 |
_amxchpua _cCHAP |
||
| 041 | 0 |
_aspa _beng |
|
| 090 |
_aTesis _bR36 _c2015 |
||
| 100 | 1 | _aRamírez Morales, David | |
| 240 | 1 | 0 |
_aInstrumentation and automation of bioreactors anaerobic digestion. _lEspañol |
| 245 | 1 | 0 |
_aInstrumentación y automatización de biorreactores de digestión anaeróbica / _cDavid Ramírez Morales |
| 264 |
_aChapingo, México : _bEl autor, _c2015 |
||
| 300 |
_ax, 96 hojas : _bilustraciones, tablas, gráficas, fotos + _e1 CD-ROM |
||
| 336 |
_2rdacontent _atexto _btxt |
||
| 337 |
_2rdamedia _ano mediado _bn |
||
| 338 |
_2rdacarrier _avolumen _bnc |
||
| 502 |
_aTesis _b(Ingeniero Agroindustrial) -- _cUACh. Departamento de Ingeniería Agroindustrial, _d2015 |
||
| 504 | _aBibliografía: hojas 83-91 | ||
| 520 | 3 | _aPor medio de la instrumentación y automatización de los biorreactores se reduce el trabajo operativo y se aumenta la efectividad del proceso. El objetivo de este trabajo fue diseñar el sistema de instrumentación y adquisición de datos de los biorreactores así como automatizar la alimentación. El diseño involucro la caracterización de las instalaciones, el biorreactor y el proceso. Para el diseño de la instrumentación se realizó el diagrama de tuberías e instrumentos. La selección del equipo e instrumentos se fundamentó en los requerimientos del proceso, su disponibilidad y costos. El sistema de adquisición de datos se desarrolló con el software LabVIEW, tomando como variables de monitoreo a la temperatura, el pH y el flujo de biogás. La automatización de la alimentación se controló en función del tiempo de retención hidráulica. Se obtuvo un sistema versátil a las distintas condiciones de operación de los biorreactores y funcional para el monitoreo y registro de las mediciones. Asimismo se logró controlar el volumen y la frecuencia de alimentación | |
| 520 | 3 | _a Through the instrumentation and automation of work operating digesters it is reduced and the effective of the process is increased. The aim of this work was to design the system of instrumentation and data acquisition digesters and feed automation. The design involved the characterization of the laboratory, the digester and process. For the design of the instrumentation made a piping and instruments diagram. The selection of equipment and sensors was based on process requirements, availability and costs. The data acquisition system was developed with the LabVIEW software, taking as monitoring variables of temperature, pH and flow of biogas. Feed automation is controlled depending on the hydraulic retention time. Versatile to different operating conditions and functional digesters for monitoring and recording of measurement system is obtained. Also its achieved to control the volume and frequency of feeding. | |
| 650 | 1 | 3 |
_aDigestión anaeróbica _2atg |
| 650 | 1 | 3 |
_aBiorreactores _xInstrumentación _2atg |
| 650 | 1 | 3 |
_aBiorreactores _xAutomatización _2atg |
| 650 | 1 | 3 |
_aAnaerobic digestion _2atg |
| 650 | 1 | 3 |
_aBioreactors _xAutomation _2atg |
| 650 | 1 | 3 |
_aBioreactors _xInstrumentation _2atg |
| 700 | 1 |
_aEspinosa Solares, Teodoro _edirector |
|
| 700 | 1 |
_aRuiz García, Agustín _easesor |
|
| 700 | 1 |
_aVelázquez López, Noé _easesor |
|
| 856 | 4 | 1 |
_uhttp://10.13.5.2/tesis/sist111664.pdf _yDESCARGAR PDF |
| 901 | _aTESIS R36 2015 | ||
| 902 | _aM | ||
| 905 | _a5232272015 mx adml8223123322spa16 | ||
| 942 |
_cTESIS _2Clasificación Universidad Autónoma Chapingo |
||
| 999 |
_c177178 _d177178 |
||